$uicideboy$ Discography - Statistics

General Stats
  • This quiz has been taken 72 times
    37 since last reset
  • The average score is 16 of 56
Answer Stats
Project Type Project Name Release Year % Correct
Album I Want to Die in New Orleans 2018
83%
Album Sing Me a Lullaby, My Sweet Temptation 2022
63%
Mixtape STOP STARING AT THE SHADOWS 2020
60%
Album Long Term Effects of SUFFERING 2021
57%
Collaborative Mixtape DIRTYNASTY$UICIDE (with Germ) 2016
53%
Collaborative Mixtape DIRTIERNASTIER$UICIDE (with Germ) 2017
50%
Collaborative Mixtape DIRTIESTNASTIEST$UICIDE (with Germ) 2022
50%
EP I No Longer Fear the Razor Guarding My Heel 2015
50%
Mixtape Eternal Grey 2016
43%
Mixtape Gray/Grey 2015
43%
Collaborative Mixtape SHAMELESS $UICIDE (with Shakewell) 2023
43%
Collaborative Mixtape Black $uicide (with Black Smurf) 2015
40%
EP Grey Sheep 2015
40%
Collaborative Mixtape Black $uicide Side B: $uicide Hustle (with Black Smurf) 2015
33%
Mixtape High Tide in the Snake's Nest 2015
33%
EP KILL YOURSELF Part I: The Suicide Saga 2014
33%
Mixtape My Liver Will Handle What My Heart Can't 2015
33%
Collaborative Mixtape $outh $ide $uicide (with Pouya) 2015
33%
Mixtape 7th or St. Tammany 2015
30%
Mixtape Dark Side of the Clouds 2016
30%
Collaborative Mixtape G​.​R​.​E​.​Y​.​G​.​O​.​D​.​S. (with Ramirez) 2015
30%
EP Grey Sheep II 2016
30%
EP KILL YOURSELF Part VII: The Fuck God Saga 2014
30%
Mixtape Now the Moon's Rising 2015
30%
EP Radical Suicide 2016
30%
EP KILL YOURSELF Part III: The Budd Dwyer Saga 2014
27%
EP KILL YOURSELF Part IV: The Trill Clinton Saga 2014
27%
EP KILL YOURSELF Part VI: The Tsunami Saga 2014
27%
Collaborative Mixtape Live Fast, Die Whenever (with Travis Barker) 2019
27%
Mixtape YUNGDEATHLILLIFE 2015
27%
Collaborative Mixtape G.R.E.Y.G.O.D.S.I.I. (with Ramirez) 2016
23%
EP I No Longer Fear the Razor Guarding My Heel (II) 2015
23%
EP I No Longer Fear the Razor Guarding My Heel (III) 2016
23%
EP KILL YOURSELF Part II: The Black Suede Saga 2014
23%
EP KILL YOURSELF Part XX: The Infinity Saga 2017
23%
Solo Album tragic love songs to study to (vol. 5) 2023
23%
Solo Album A Man Rose from the Dead 2022
20%
Collaborative Mixtape Black $uicide Side C: The Seventh Seal (with Black Smurf) 2015
20%
EP I No Longer Fear the Razor Guarding My Heel (V) 2023
20%
EP KILL YOURSELF Part VIII: The Seppuku Saga 2015
20%
EP KILL YOURSELF Part IX: The Soulseek Saga 2015
13%
EP KILL YOURSELF Part V: The Fuck Bitches, Get Death Saga 2014
13%
EP KILL YOURSELF Part XIII: The Atlantis Saga 2017
13%
EP KILL YOURSELF Part X: The Resurrection Saga 2015
13%
EP KILL YOURSELF Part XII: The Dark Glacier Saga 2017
10%
EP KILL YOURSELF Part XI: The Kingdom Come Saga 2017
10%
EP KILL YOURSELF Part XIV: The Vulture Saga 2017
10%
EP KILL YOURSELF Part XIX: The Deep End Saga 2017
10%
EP KILL YOURSELF Part XVIII: The Fall of Idols Saga 2017
10%
EP KILL YOURSELF Part XV: The Coast of Ashes Saga 2017
10%
EP YIN YANG TAPES: Fall Season (1989-1990) 2023
10%
EP YIN YANG TAPES: Spring Season (1989-1990) 2023
10%
EP YIN YANG TAPES: Summer Season (1989-1990) 2023
10%
EP YIN YANG TAPES: Winter Season (1989-1990) 2023
10%
EP KILL YOURSELF Part XVII: The Suburban Sacrifice Saga 2017
7%
EP KILL YOURSELF Part XVI: The Faded Stains Saga 2017
7%
No matching quizzes found
Score Distribution
Percent of People with Each Score
Percentile by Number Answered
Your Score History
You have not taken this quiz since the last reset